Totem et tabou: Interprétation par la psychanalyse de la vie sociale des peuples primitifs

Spremljeno u:
Bibliografski detalji
Glavni autor: Freud, Sigmund (Autor)
Format: Knjiga
Jezik:francuski
Izdano: París Payot 1970
Serija:Petite Bibliothéque Payot, 77
Teme:
Oznake: Dodaj oznaku
Bez oznaka, Budi prvi tko označuje ovaj zapis!

MARC

LEADER 00000nam a2200000 a 4500
001 UCZ4328
003 CL-VaPUC
008 951106e19700000FR |||||||||||||||||fre|d
082 0 4 |a 150.195  |b FRE  |2 21 
100 |a Freud, Sigmund  |e author   |9 307892 
245 1 0 |a Totem et tabou: Interprétation par la psychanalyse de la vie sociale des peuples primitifs 
300 |a 186 p 
942 |c BK 
945 |d 19951106 00:00:00  |a lriquelm 
260 |a París  |b Payot  |c 1970 
650 0 |a Psicoanálisis   |9 265702 
650 0 |a Vida social  |9 337244 
650 0 |a Prehistoria  |9 316557 
650 0 |a Comportamiento   |9 308406 
650 0 |a Sistemas sociales  |9 308361 
583 |a last modification  |c 19951106 00:00:00  |k Rodrigo Vera 
490 0 |a Petite Bibliothéque Payot, 77 
999 |c 240741  |d 240739 
952 |0 0  |1 0  |4 0  |6 150_195000000000000_FRE_1970  |7 0  |8 P  |9 252762  |a BIBEDU  |b BIBEDU  |c BIBEDU_PB  |d 2019-11-18  |i 1595598  |o 150.195 FRE 1970  |p 1595598  |r 2024-01-25  |w 2019-11-18  |y BK  |k FIL